Optimization of HCR Gearing Geometry from Scuffing Point of View

Salvato in:
Dettagli Bibliografici
Autore principale: Rackov, Milan (Autore)
Altri autori: Vereš, Miroslav, 1947- (Relatore della tesi)
Natura: Libro
Lingua:inglese
Pubblicazione: Bratislava : Nakladateľstvo STU, 2014
Edizione:1. vyd.
Soggetti:
Tags: Aggiungi Tag
Nessun Tag, puoi essere il primo ad aggiungerne!!

MARC

LEADER 00000nam a22000003a 4500
001 stu298708
005 20150622152911.7
008 140929s--------xo------------------eng-d
040 |a STU  |b slo 
041 0 |a eng 
044 |a xo 
100 1 |a Rackov, Milan  |4 aut  |9 100 
245 1 |a Optimization of HCR Gearing Geometry from Scuffing Point of View 
250 |a 1. vyd. 
260 |a Bratislava :  |b Nakladateľstvo STU,  |c 2014 
300 |a 103 s 
650 7 |a časti a mechanizmy strojov  |2 stusub 
700 1 |a Vereš, Miroslav,  |d 1947-  |4 ths  |u J0030  |U SjF Strojnícka fakulta  |T SjF Ústav dopravnej techniky a konštruovania  |X 2404  |U J0030  |Y 806  |7 A000002404 
996 |b 284J042985  |c J*117198  |l JJST  |s P  |a 0  |w stu298708_0001